Inovatívne organizačné štruktúry firiem bakalárska práca

Salvato in:
Dettagli Bibliografici
Autore principale: Péter, Tomáš
Ente Autore: Fakulta podnikového manažmentu EU. Katedra manažmentu
Altri autori: Bednár, Richard, 1985-
Natura: Libro
Lingua:slovacco
Pubblicazione: Bratislava 2022
Tags: Aggiungi Tag
Nessun Tag, puoi essere il primo ad aggiungerne!!

MARC

LEADER 00000nbm a2200000 4500
001 0285393
005 20230321141450.3
041 0 |a slo 
044 |a SK 
245 1 0 |a Inovatívne organizačné štruktúry firiem  |b bakalárska práca  |c Tomáš Péter ; školiteľ: Richard Bednár 
264 1 |a Bratislava  |c 2022 
300 |a 48 s. 
100 1 |a Péter, Tomáš 
700 1 |a Bednár, Richard, 1985- 
710 2 |a Fakulta podnikového manažmentu EU. Katedra manažmentu